000 00943cam a22002414a 4500
005 20250605164014.0
008 250528s ||||||||||||||||||||||||d
035 _a16079
020 _a24219320
040 _aGR-AtMCL
_bgre
_dGR-AtMCL
_eAACR2
245 1 _aMarketing Research / Measurement & Method
250 _a6th
260 _c1993
300 _a912
505 0 _aThe Nature of Marketing Research, The Sources of Research Data, Measurement Techniques in Marketing Research, Sampling and Data Analysis, Marketing Research Reports and Ethical Issues, Index.
520 _aThe Nature of Marketing Research, The Sources of Research Data, Measurement Techniques in Marketing Research, Sampling and Data Analysis, Marketing Research Reports and Ethical Issues, Index.
700 1 _aHawkins Del I
_91713
700 1 _aTull Donald S
_92098
942 _cBK
710 2 _aMacmillan Company
_99720
999 _c1618
_d1618